Harry Potter: Les 5 mots de passe du bureau de Dumbledore - Statistiques

Statistiques générales
  • Ce quiz a été pris 232 fois
  • Le résultat moyen est 1 sur 5
Statistiques - réponses
Hint Réponse % Correct
1 Sorbet Citron
91%
3 Fizwizbiz
21%
2 Nid de Cafard
19%
4 Suçacides
14%
5 Éclair au Caramel
4%
Aucun quiz correspondant
Distribution des résultats
% des personnes avec chaque résultat
Percentile par nombre de réponses
Votre historique - résultats
Vous n’avez pas pris ce quiz